الطب و التحنيط في عهد الفراعنة

محفوظ في:

المؤلف الرئيسي: يوليوس جيار، لويس ريتر.

مؤلفون آخرون: أنطون ذكري.

التنسيق: كتاب

اللغة: Undetermined

منشور في: Al-Qāhirah : maktabat madbuli , 2008.

الموضوعات:

الوسوم: إضافة وسم

لا توجد وسوم, كن أول من يضع وسما على هذه التسجيلة!

رقم الطلب: R135 .D4 2008

LEADER 00604nam a2200181Ia 4500
008 240329s9999||||xx |||||||||||||| ||und||
050 4 |a R135 .D4 2008 
100 1 |a يوليوس جيار، لويس ريتر. 
245 1 0 |a الطب و التحنيط في عهد الفراعنة  |c يوليوس جيار، لويس ريتر 
264 1 |a Al-Qāhirah :  |b maktabat madbuli ,  |c 2008. 
300 |a 207  |b illustrations  |c 24 
650 |a History of Medicine 
650 |a Médecine Histoire 
650 |a Medicine History 
650 |a Momies Égypte 
700 1 |a أنطون ذكري. 
942 |2 lcc  |c BK 
999 |c 57864  |d 57864